ბათუმის შოთა რუსთაველის სახელმწიფო უნივერსიტეტის ბიბლიოთეკა

American Political Science Association PS:Political Science &Politics:October 2016. Volume 49,Number №4 . (ბიბ.ჩანაწერი № 52832)

000 -LEADER
fixed length control field 00677nam a2200205Ia 4500
001 - CONTROL NUMBER
control field 19862
003 - CONTROL NUMBER IDENTIFIER
control field GE_BSU
008 - FIXED-LENGTH DATA ELEMENTS--GENERAL INFORMATION
fixed length control field 181216s||||||||xx |||||||||||||| ||und||
040 ## - CATALOGING SOURCE
Transcribing agency GE_BSU
245 ## - TITLE STATEMENT
Title American Political Science Association PS:Political Science &Politics:October 2016. Volume 49,Number №4 .
245 ## - TITLE STATEMENT
Statement of responsibility, etc. Editor:James E.Campbell.
260 ## - PUBLICATION, DISTRIBUTION, ETC.
Place of publication, distribution, etc. Cambridge
260 ## - PUBLICATION, DISTRIBUTION, ETC.
Name of publisher, distributor, etc. Cambridge University Press,
260 ## - PUBLICATION, DISTRIBUTION, ETC.
Date of publication, distribution, etc. 2016
300 ## - PHYSICAL DESCRIPTION
Extent 967p;28cm.
653 ## - INDEX TERM--UNCONTROLLED
Uncontrolled term American Political Science Association PS:Political Science &Politics:October 2016. Volume 49,Number №4
653 ## - INDEX TERM--UNCONTROLLED
Uncontrolled term ნაჩუქარი
653 ## - INDEX TERM--UNCONTROLLED
Uncontrolled term პერიოდიკა
942 ## - ADDED ENTRY ELEMENTS (KOHA)
Koha item type პერიოდიკა
ეგზემპლარები
Withdrawn status Lost status Damaged status Not for loan Date acquired Barcode Date last seen Price effective from Koha item type
        2018-12-17 პ78321 2018-12-17 2018-12-17 პერიოდიკა